| 000 | 00957nam a2200205Ia 4500 | ||
|---|---|---|---|
| 999 |
_c4124 _d4124 |
||
| 003 | OSt | ||
| 005 | 20200407111820.0 | ||
| 008 | 191128s2013 ck ao gr 000 0 spa d | ||
| 040 |
_aCO-JMCR _cCO-JMCR |
||
| 041 | 0 | _aspa | |
| 082 | 0 | 4 |
_a246.5 / _bC348r |
| 100 | 1 |
_aCastellanos de Zubiría, Susana, _eautor _92671 |
|
| 245 | 1 | 4 |
_aLos rostros de la virgen / _cSusana Castellanos de Zubiría ; fotografías, Stalin Lopéz |
| 260 |
_aBogotá : _bUniversidad del Rosario, _c2013 |
||
| 300 |
_a[28] páginas sin numerar : _bilustraciones, fotografías a color ; _c20 cm. |
||
| 520 | _aEn Cuba, la virgen de la caridad de cobre, protectora de los navegantes y desamparados, se identificó con Oshún, deidad africana de los ríos, el amor, la fecundidad, la maternidad, la sensualidad y la alegría, identificada con el color amarillo, los giras | ||
| 650 | 1 | 4 |
_aVirgen fotografías _zCuba _92672 |
| 700 | 1 |
_aStanlin Lopéz, _efotografo _92673 |
|
| 942 |
_2ddc _cBK |
||